000 00673nam a2200229 i 4500
001 9528
003 ES-MaACL
005 20231213170229.0
007 t|
008 931007s1993 sp ||||1| spa d
020 _a84-465-0001-9
080 _a929.6:262.13
080 _a262.13:929.6
100 1 _aArco y García, Fernando del,
_d1923-2020
_922508
245 1 0 _aHeráldica papal /
_cFernando del Arco.
260 _aMadrid :
_bBitácora,
_cD.L. 1993.
300 _a207 p. :
_bil. ;
_c30 cm.
650 1 4 _aPapas-
_xHeráldica.
_915818
852 _aES-MaACL
_jL-16983
_bR.121527
_qDedicatoria autógrafa del autor
942 _2udc
999 _c9528
_d9528